Economic analysis for hydropower project relicensing : guidance and alternative methods /

Bibliographic Details
Corporate Author: U.S. Fish and Wildlife Service
Format: Government Document Book
Language:English
Published: Cambridge, Mass. : [Washington, D.C.?] : Industrial Economics, Inc. ; [U.S. Fish and Wildlife Service], [1998]
Subjects:

MARC

Tag First Indicator Second Indicator Subfields
LEADER 00000cam a2200000 a 4500
001 in00000006294
005 20151001060017.0
008 991028s1998 dcua b f000 0 eng d
035 |a (OCoLC)42716128 
035 |9 AJL4391AM 
040 |a GPO  |c GPO  |d DLC  |d MvI  |d UtOrBLW 
043 |a n-us--- 
049 |a UDOC 
074 |a 0612-E 
086 0 |a I 49.6/2:EC 7/6 
245 0 0 |a Economic analysis for hydropower project relicensing :  |b guidance and alternative methods /  |c prepared by Robert Black [and others]. 
264 1 |a Cambridge, Mass. :  |b Industrial Economics, Inc. ;  |a [Washington, D.C.?] :  |b [U.S. Fish and Wildlife Service],  |c [1998] 
300 |a 1 volume (various pagings) :  |b illustrations ;  |c 28 cm. 
336 |a text  |b txt  |2 rdacontent 
337 |a unmediated  |b n  |2 rdamedia 
338 |a volume  |b nc  |2 rdacarrier 
500 |a Shipping list number: 2000-0009-P. 
500 |a "October 1998." 
500 |a Shipping List #: 2000-0009-P 
500 |a Shipping List Date: 10/08/1999 
504 |a Includes bibliographical references (p. R-1 - R-8). 
650 0 |a Electric utilities  |z United States  |x Auditing. 
650 0 |a Hydroelectric power plants  |x Economic aspects  |z United States. 
710 2 |a U.S. Fish and Wildlife Service. 
999 |a MARS 
999 f f |s c4c792a6-c972-39aa-8c23-e85587c28983  |i 33d3299d-4778-3c0c-9eef-a5517da48795  |t 0 
952 f f |p normal  |a Texas A&M University  |b College Station  |c Sterling C. Evans Library  |d Evans: US Documents (Annex 5th floor)  |t 0  |e I 49.6/2:EC 7/6  |h Superintendent of Documents classification  |i unmediated -- volume  |m A14824336624 
998 f f |a I 49.6/2:EC 7/6  |t 0  |l Evans: US Documents (Annex 5th floor)